000
00309nam a2200133Ia 4500
005
20260328101509.0
008
260328s9999||||xx |||||||||||||| ||und||
100
_a
Henze, Anton
245
0
_a
Le Corbusier /
_c
Anton Henze
260
_b
Fabril Editora
300
_a
149 p.
650
_a
ARQUITECTOS
942
_c
BK
999
_c
9120
_d
9120